| 000 | 01077cab a22002535a 4500 | ||
|---|---|---|---|
| 001 | L153192 | ||
| 008 | 110622e20110611xxk 000 0 eng d | ||
| 035 | _a(Sirsi) u153192 | ||
| 041 | 0 | _aeng | |
| 100 | 1 | _aRobson, Claire | |
| 245 | 0 | 0 |
_aFocus _bSomerset, Devon and Cornwall |
| 260 | _c2011 | ||
| 490 |
_aEstates Gazette _v(1123) 11 June 2011, 59-75(12) |
||
| 520 | _aIncludes regeneration scheme by Midlands-based developer St Modwen which is embarking in projects in Locking Parklands, North Somerset and Skypark, Exeter. Also features the South West Regional Development Agency and its transfering of strategic assets to three councils to ensure major regeneration and economic development is kept in the public sector and the outlook for the new build residential sector which is seeing an upturn in demand. | ||
| 590 | _aKA | ||
| 651 | 4 | _aSomerset | |
| 651 | 4 | _aDevon | |
| 651 | 4 | _aCornwall | |
| 690 | _aPROPERTY-COMMERCIAL PROPERTY-COMMERCIAL PROPERTY MARKET | ||
| 700 | 1 | _aDay, Karen | |
| 700 | 1 | _aThame, David | |
| 700 | 1 | _aNorwood, Graham | |
| 942 | _n0 | ||
| 999 |
_c83223 _d83223 |
||